Алгоритм вычисления эхо-сигналов от упругой сферической оболочки в жидкости путем суммирования отдельных групп бегущих волн: препринт №3

Détails bibliographiques
Auteur principal: Метсавээр Я. А.
Collectivité auteur: Академия наук Эстонской ССР (АН ЭССР) Институт кибернетики
Langue:russe
Publié: Таллин, Изд-во института кибернетики АН ЭССР, 1971
Sujets:
Format: MixedMaterials Livre
KOHA link:https://koha.lib.tpu.ru/cgi-bin/koha/opac-detail.pl?biblionumber=147087

MARC

LEADER 00000nam0a2200000 4500
001 147087
005 20231031144914.0
035 |a (RuTPU)RU\TPU\book\159431 
090 |a 147087 
100 |a 20081108d1971 k y0rusy50 ca 
101 0 |a rus 
102 |a EE 
105 |a a z 001zy 
200 1 |a Алгоритм вычисления эхо-сигналов от упругой сферической оболочки в жидкости путем суммирования отдельных групп бегущих волн  |e препринт №3  |f Я. А. Метсавээр  |g Академия наук Эстонской ССР (АН ЭССР), Институт кибернетики 
210 |a Таллин  |c Изд-во института кибернетики АН ЭССР  |d 1971 
215 |a 39 с.  |c черт. 
320 |a Библиогр.: с. 35-36. 
610 1 |a сферические оболочки 
610 1 |a акустический расчет 
610 1 |a препринты 
610 1 |a эхо-сигналы 
675 |a 534.2  |v 3 
700 1 |a Метсавээр  |b Я. А. 
712 0 2 |a Академия наук Эстонской ССР (АН ЭССР)  |b Институт кибернетики  |2 stltpush  |3 (RuTPU)RU\TPU\col\13642 
801 1 |a RU  |b 63413507  |c 20081108  |g PSBO 
801 2 |a RU  |b 63413507  |c 20090505  |g PSBO 
942 |c BK